Catálogo público

Nueva geografía regional de México / (Record no. 104267)

MARC details
000 -CABECERA
campo de control de longitud fija 00789nam a2200277 a 4500
001 - NÚMERO DE CONTROL
campo de control 000107805
003 - IDENTIFICADOR DEL NÚMERO DE CONTROL
campo de control CHAP
005 - FECHA Y HORA DE LA ÚLTIMA TRANSACCIÓN
campo de control 20220329143944.0
008 - DATOS DE LONGITUD FIJA--INFORMACIÓN GENERAL
campo de control de longitud fija 131106s2011 mx | |r| ||1|||spa|d
010 ## - NÚMERO DE CONTROL DE LA BIBLIOTECA DEL CONGRESO
Número de control de LC 104267
011 ## - ENLACE DEL NUMERO DE CONTROL DE LA BIBLIOTECA DEL CONGRESO [OBSOLETO]
Número de control de LC 105239
020 ## - NÚMERO INTERNACIONAL ESTÁNDAR DEL LIBRO
Número Internacional Estándar del Libro 9786071708069
040 ## - FUENTE DE LA CATALOGACIÓN
Centro/agencia transcriptor CHAP
082 04 - NÚMERO DE LA CLASIFICACIÓN DECIMAL DEWEY
Número de clasificación 917.0972
Número de documento/Ítem D35
100 00 - ENTRADA PRINCIPAL--NOMBRE DE PERSONA
Nombre de persona Delgadillo Macías, Javier.
9 (RLIN) 31571
245 10 - MENCIÓN DE TÍTULO
Título Nueva geografía regional de México /
Mención de responsabilidad, etc. por Javier Delgadillo Macías y Felipe Torres Torres.
260 3# - PUBLICACIÓN, DISTRIBUCIÓN, ETC.
Lugar de publicación, distribución, etc. México, D.F. :
Nombre del editor, distribuidor, etc. Trillas,
Fecha de publicación, distribución, etc. 2011.
300 ## - DESCRIPCIÓN FÍSICA
Extensión 272 p.
590 ## - NOTA LOCAL (RLIN)
Nota local E792CSJ
Procedencia (VM) [OBSOLETO] 05
Condición del los carretes individuales (VM) [OBSOLETO] 20131106
-- UCH01
-- 1027
650 14 - PUNTO DE ACCESO ADICIONAL DE MATERIA--TÉRMINO DE MATERIA
Término de materia o nombre geográfico como elemento de entrada Antropogeografía
9 (RLIN) 6125
650 14 - PUNTO DE ACCESO ADICIONAL DE MATERIA--TÉRMINO DE MATERIA
Término de materia o nombre geográfico como elemento de entrada México
Subdivisión general Descripción y viaje.
9 (RLIN) 76737
700 0# - PUNTO DE ACCESO ADICIONAL--NOMBRE DE PERSONA
Nombre de persona Torres Torres, Felipe.
9 (RLIN) 114252
901 ## - ELEMENTOS DE DATOS A LOCAL LDA (RLIN)
a BK
942 ## - ELEMENTOS DE PUNTO DE ACCESO ADICIONAL (KOHA)
Tipo de ítem Koha Libro
942 ## - ELEMENTOS DE PUNTO DE ACCESO ADICIONAL (KOHA)
Suprimir en OPAC 0
Holdings
Estado de retiro Estado de pérdida Fuente del sistema de clasificación o colocación Estado dañado Restricciones de uso No para préstamo Código de colección Localización permanente Ubicación/localización actual Ubicación en estantería Fecha de adquisición Fuente de adquisición Información codificada de la localización en otra ubicación Total de préstamos Signatura topográfica completa Código de barras Fecha visto por última vez Precio válido a partir de Tipo de ítem Koha Número de copia En préstamo Fecha del último préstamo
    Dewey Decimal Classification   Préstamo 15 días   General Biblioteca Central Biblioteca Central Planta principal - Colección General 16/08/2016 I.c/e LIBRO   917.0972 D35 33724002340793 31/12/2019 31/12/2019 Libro      
    Dewey Decimal Classification   Préstamo 15 días   General Biblioteca Central Biblioteca Central Planta principal - Colección General 12/04/2018 I.c/e LIBRO   917.0972 D35 33724002548058 31/12/2019 31/12/2019 Libro c.4    
    Dewey Decimal Classification   Préstamo 15 días   General Biblioteca Central Biblioteca Central Planta principal - Colección General 12/04/2018   LIBRO 1 917.0972 D35 33724002548090 15/03/2022 31/12/2019 Libro c.5 30/03/2022 15/03/2022
    Dewey Decimal Classification   Préstamo 15 días   General Biblioteca Central Biblioteca Central Planta principal - Colección General 06/11/2013   LIBRO   917.0972 D35 33724002341595 31/12/2019 31/12/2019 Libro c.2    
    Dewey Decimal Classification   Préstamo 15 días   General Biblioteca Central Biblioteca Central Planta principal - Colección General 06/11/2013   LIBRO 1 917.0972 D35 33724002391165 24/08/2022 31/12/2019 Libro c.3   22/08/2022
    Dewey Decimal Classification   Préstamo 15 días   General Centro Regional San Luis Acatlán Centro Regional San Luis Acatlán   30/09/2016   LIBRO   917.0972 D35 02000000753 31/12/2019 30/09/2016 Libro      
    Dewey Decimal Classification   Préstamo 15 días   General Centro Regional San Luis Acatlán Centro Regional San Luis Acatlán   06/06/2017   LIBRO   917.0972 D35 02000001005 31/12/2019 06/06/2017 Libro c.2